• 首页
  • 本馆介绍
  • 公告通知
  • 最新文献
  • 馆藏检索
  • 电子资源
  • 读者导购
  • 参考咨询
  • 我的图书馆
  • 登录
  • 详细信息显示
  • 放入我的书架
  • 预约/预借图书
  • 作者相关作品
  • 分类相关作品
  • 丛书相关作品
  • 出版社相关作品

书目信息

  • 表格格式
  • 工作单格式
  • 卡片格式
题名:
长江三角洲地区风暴沉积研究
    
 
作者: 许世远 著
分册:  
出版信息: 北京   科学出版社  1997
页数: 150页
开本: 26cm
丛书名:
单 册:
中图分类: P588.2
科图分类:
主题词: 长江--三角洲--风暴沉积--研究
电子资源:
ISBN: 7-03-005597-7
000 00608nam0 2200193 45
001 0303251425
005 20031219104108.0
010    @a7-03-005597-7@b精装@dCNY35.00
100    @a20030325d1997 km y0chiy0120 ea
101 0  @achi
105    @aaf z 000yy
200 1  @a长江三角洲地区风暴沉积研究@AChang Jiang San Jiao Zhou Di Qu Feng Bao Chen Ji Yan Jiu@f许世远著@FXu Shi Yuan Zhu
210    @a北京@c科学出版社@d1997
215    @a150页@c插图,图版@d26cm
606 0  @a长江@x三角洲@x风暴沉积@x研究
690    @aP588.2@v4
701  0 @a许世远@4著
801    @aCN@bTSTC@c20030325
905    @b321559-560@dP588.2@e70@f2
    
    长江三角洲地区风暴沉积研究/许世远著.-北京:科学出版社,1997
    150页:插图,图版;26cm
    
    
    ISBN 7-03-005597-7(精装):CNY35.00
    
●
相关链接 在E读中查询图书 在五车中查询图书 在当当中查询图书 在豆瓣中查询图书


正题名:长江三角洲地区风暴沉积研究     索取号:P588.2/70         预约/预借

序号 登录号 条形码 馆藏地/架位号 状态 备注
1 0321559   203215591   第三借阅区/ [索取号:P588.2/70] 在馆    
2 0321560   203215608   第二样本阅览室/ [索取号:P588.2/70] 在馆    
唐山师范学院图书馆 欢迎您!
大连网信软件有限公司© 版权所有